000
00207 a2200097 4500
001
11940
100
_a
Adams, M.
245
_a
Evolution or eseplosion
260
_a
_b
Dodd Mead & co
_c
090
_c
9194
_d
9194
942
_a
NUST-CAE
_c
M
_c
36038
999
_c
247013
_d
247013